Sagas/séries à retrouver d'après un personnage - Statistiques

Statistiques générales
  • Ce quiz a été pris 648 fois
    568 depuis la dernière actualisation
  • Le résultat moyen est 17 sur 51
Statistiques - réponses
Personnage Saga / Série % Correct
Albus Dumbledore Harry Potter
99%
Jack Sparrow Pirates des Caraïbes
85%
Indiana Jones Indiana Jones
77%
Katniss Everdeen Hunger Games
67%
Gru Moi, moche et méchant
65%
Wolverine X-Men
60%
Le Professeur La Casa de Papel
58%
Aragorn Le Seigneur des Anneaux
58%
Leia Organa Star Wars
58%
Arya Stark Game of Thrones
55%
Alice Cullen Twilight
54%
Bilbon Sacquet Le Hobbit
52%
Nancy Wheeler Stranger Things
50%
John Wick John Wick
49%
Quatre Divergente
46%
Krokmou Dragons
45%
Rachel Green Friends
45%
Thomas Shelby Peaky Blinders
44%
Clarke Griffin The 100
43%
Ragnar Lothbrok Vikings
43%
Minho Le Labyrinthe
41%
Sarah Connor Terminator
39%
Barry Allen Flash
38%
Mamie Suze Les Tuches
37%
Jessie Pinkman Breaking Bad
32%
Ethan Hunt Mission Impossible
30%
Maeve Wiley Sex Education
30%
Brian O'Conner Fast and Furious
29%
Sara Tancredi Prison Break
29%
Geralt de Riv The Witcher
29%
Ellen Ripley Alien
24%
M James Bond
24%
Maggie Rhee The Walking Dead
24%
Hanna Marin Pretty Little Liars
22%
Ian Malcolm Jurassic Park
19%
Annabeth Chase Percy Jackson
18%
Isabelle Lightwood Shadowhunters
18%
James Kirk Star Trek
18%
Beth Harmon Le Jeu de la Dame
11%
Serge Benamou La vérité si je mens
10%
Jonas Kahnwald Dark
8%
Daniel Morales Taxi
8%
Mikaela Banes Transformers
8%
Bloom Peters Destin: la saga Winx
6%
Cara Dune The Mandalorian
6%
Malotru Le Bureau des Légendes
5%
Serena Joy Waterford The Handmaid's Tale
5%
Nicolette Parsons Jason Bourne
3%
Wyatt Logan Timeless
3%
Amberle Elessedil Les Chroniques de Shannara
2%
Emma Green Away
1%
Aucun quiz correspondant
Distribution des résultats
% des personnes avec chaque résultat
Percentile par nombre de réponses
Votre historique - résultats
Vous n’avez pas pris ce quiz depuis la dernière actualisation